Word Ladder: Cartoon City Quiz Stats

 Plays Quiz Updated Jan 6, 2014

Support Sporcle.
Go Orange.
Score 0/32 Timer 03:00
2 Plays Today
Hint 4-Letter Word % Correct
Sound from a dogBARK
96.2%
Ten centsDIME
96%
Mischievous Simpsons boyBART
95.4%
Green citrus fruitLIME
95.3%
Brainy Simpsons girlLISA
94.8%
To-do _______LIST
94%
Type of beanLIMA
93.3%
EatDINE
92.8%
Flintstones' petDINO
92.4%
'What's up, Doc?' rabbitBUGS
92.4%
Place to purchase goodsMART
91.7%
Hot dog holdersBUNS
91.2%
Pole on a sailboatMAST
91.1%
Moving airWIND
91%
Gorillas in the _______MIST
90.5%
Mr. FlintstoneFRED
90%
Hint 4-Letter Word % Correct
Balled up handFIST
89.6%
Refrain from eatingFAST
88.1%
Italian carFIAT
87%
FinalLAST
86.6%
Old-time drunkWINO
86.5%
Hold togetherBIND
86.3%
Scottish girlLASS
85.4%
Large containersBINS
85%
WorryFRET
84.6%
Collegiate organization for menFRAT
83.7%
Freshwater fishBASS
83%
Holders of teaBAGS
83%
StoleTOOK
81%
Roger Rabbit, e.g.TOON
71.1%
Cry from the Swedish ChefBORK
69.3%
Peter of the MonkeesTORK
68.7%

Today's Daily Dose

Word Ladder
ING Words

Get the Picture
Nearest Volcano

From the Vault

Beatles Albums (Redux)

by JeluPotter25

Music 60s
The Beatles sure liked to put their name in their album titles.
Remove Ads.
Support Sporcle.
Get the best of Sporcle when you Go Orange. This ad-free experience offers more features, more stats, and more fun while also helping to support Sporcle. Thank you for becoming a member.

Show Comments

Extras

Top Quizzes Today


Score Distribution

Your Account Isn't Verified!

In order to create a playlist on Sporcle, you need to verify the email address you used during registration. Go to your Sporcle Settings to finish the process.

Report this User

Report this user for behavior that violates our Community Guidelines.

Details: